[Event "Chess24 Banter Blitz Cup"]
[Site "chess24.com INT"]
[Date "2020.04.04"]
[Round "5.3"]
[White "Sjugirov, Sanan"]
[Black "Robson, Ray"]
[Result "1-0"]
[WhiteTitle "GM"]
[BlackTitle "GM"]
[WhiteElo "2662"]
[BlackElo "2670"]
[WhiteFideId "4189302"]
[BlackFideId "2023970"]
[EventDate "2019.09.25"]

1. d4 d5 2. Bf4 c5 3. e3 Nc6 4. c3 cxd4 5. exd4 Bf5 6. Nd2 f6 7. Ngf3 e6 8. Nh4
Bg6 9. Nxg6 hxg6 10. Bd3 Nge7 11. O-O Nf5 12. Re1 Kf7 13. Qe2 Qd7 14. Nf3 Bd6
15. Bxd6 Qxd6 16. g3 Rae8 17. Rad1 a6 18. c4 Re7 19. Qd2 Nfxd4 20. Nxd4 Nxd4 21.
Bxg6+ Kxg6 22. Qxd4 Rd8 23. Qg4+ Kf7 24. Qh5+ Kg8 25. Rd4 Qb4 26. Red1 Red7 27.
cxd5 Qxb2 28. Rh4 Rxd5 29. Rxd5 exd5 30. Qh8+ Kf7 31. Qxd8 Qc1+ 32. Kg2 Qc6 33.
Rd4 Ke6 34. Qa5 b5 35. Qd2 Ke5 36. Qf4+ Ke6 37. h3 a5 38. h4 b4 39. Qg4+ Kf7 40.
h5 Qc5 41. Qg6+ Ke6 42. Qd3 Ke5 43. Qe3+ Kd6 44. Rd2 Qc6 45. Qf4+ Kd7 46. Qd4
Ke6 47. Re2+ Kf7 48. Re3 Qc4 49. Qxc4 dxc4 50. Re4 c3 51. Rc4 Ke6 52. Rc7 Kd5
53. Rc8 Kd4 54. Rd8+ Ke4 55. Rc8 Kf5 56. Rd8 1-0

[Event "Chess24 Banter Blitz Cup"]
[Site "chess24.com INT"]
[Date "2020.04.04"]
[Round "5.4"]
[White "Robson, Ray"]
[Black "Sjugirov, Sanan"]
[Result "1-0"]
[WhiteTitle "GM"]
[BlackTitle "GM"]
[WhiteElo "2670"]
[BlackElo "2662"]
[WhiteFideId "2023970"]
[BlackFideId "4189302"]
[EventDate "2019.09.25"]

1. e4 c5 2. Nf3 d6 3. d4 cxd4 4. Nxd4 Nf6 5. Nc3 a6 6. Be3 e5 7. Nb3 Be6 8. f3
h5 9. Qd2 Nbd7 10. Nd5 Bxd5 11. exd5 Qc7 12. Be2 g6 13. O-O Bg7 14. Na5 O-O 15.
c4 Rfe8 16. h3 b6 17. Nc6 Nb8 18. Nxb8 Raxb8 19. b4 Nd7 20. Rac1 a5 21. a3 Ra8
22. c5 bxc5 23. bxc5 Nxc5 24. Bxc5 dxc5 25. d6 Qa7 26. Bc4 Rad8 27. f4 Bh6 28.
Rcd1 Bxf4 29. Qd5 Rd7 30. Qe4 Qa8 31. Qxg6+ Kf8 32. Qf6 Kg8 33. Qg6+ Kf8 34.
Qxh5 Kg7 35. Qg4+ 1-0

[Event "Chess24 Banter Blitz Cup"]
[Site "chess24.com INT"]
[Date "2020.04.04"]
[Round "5.5"]
[White "Sjugirov, Sanan"]
[Black "Robson, Ray"]
[Result "1-0"]
[WhiteTitle "GM"]
[BlackTitle "GM"]
[WhiteElo "2662"]
[BlackElo "2670"]
[WhiteFideId "4189302"]
[BlackFideId "2023970"]
[EventDate "2019.09.25"]

1. d4 d5 2. Bf4 c5 3. e3 cxd4 4. exd4 Nc6 5. c3 Bf5 6. Nd2 e6 7. Ngf3 h6 8. Bb5
Bd6 9. Bxc6+ bxc6 10. Bxd6 Qxd6 11. O-O Ne7 12. Nb3 Bg4 13. Qd3 Bxf3 14. Qxf3
O-O 15. Nc5 a5 16. Rfe1 Ng6 17. Qg3 Qd8 18. a4 Re8 19. b4 Ne7 20. Rab1 Nf5 21.
Qd3 Nd6 22. bxa5 Qxa5 23. Rb4 e5 24. Nb3 e4 25. Qg3 Qd8 26. Nc5 Qe7 27. Reb1 Nc4
28. Rb7 Qf6 29. h3 e3 30. fxe3 Rxe3 31. Rb8+ Re8 32. Rxa8 Rxa8 33. Rf1 Qe7 34.
Qf2 Nd6 35. Re1 Ne4 36. Qf4 Re8 37. a5 Qa7 38. Nxe4 Rxe4 39. Rxe4 dxe4 40. Qxe4
Qxa5 41. Qe8+ Kh7 42. Qxc6 Qa1+ 43. Kh2 Qc1 44. Qf3 Qg5 45. Qe4+ g6 46. Qe5 Qd2
47. d5 Qc2 48. d6 Qd3 49. Qf4 Qf5 50. Qxf5 gxf5 51. d7 Kg6 52. d8=Q f4 53. Qd3+
Kg7 54. Qf3 Kg8 55. c4 Kf8 56. c5 Kg8 57. c6 Kg7 58. Qxf4 Kg8 59. Qg4+ Kf8 60.
Qf4 Ke7 61. Qxh6 Ke8 62. Qh7 1-0

[Event "Chess24 Banter Blitz Cup"]
[Site "chess24.com INT"]
[Date "2020.04.04"]
[Round "5.6"]
[White "Robson, Ray"]
[Black "Sjugirov, Sanan"]
[Result "0-1"]
[WhiteTitle "GM"]
[BlackTitle "GM"]
[WhiteElo "2670"]
[BlackElo "2662"]
[WhiteFideId "2023970"]
[BlackFideId "4189302"]
[EventDate "2019.09.25"]

1. e4 c5 2. Nf3 d6 3. d4 cxd4 4. Nxd4 Nf6 5. Nc3 a6 6. Be3 e5 7. Nb3 Be6 8. f3
h5 9. Qd2 Nbd7 10. Nd5 Bxd5 11. exd5 Rc8 12. Be2 Nb6 13. Na5 Nbxd5 14. Bg5 Qc7
15. c4 Nb6 16. Bxf6 gxf6 17. Rd1 Rd8 18. O-O d5 19. Kh1 Be7 20. Qc2 Bb4 21. Nb3
dxc4 22. Nd2 Bxd2 23. Rxd2 Ke7 24. f4 Rxd2 25. Qxd2 Qd6 26. Qe3 Qd4 27. Qa3+ Qd6
28. Qe3 Nd5 29. Qe4 Nxf4 30. Rxf4 b5 31. Qb7+ Qd7 32. Qxd7+ Kxd7 33. Rxf6 Ke7
34. Rxa6 Rd8 35. Kg1 Rd2 36. Bxh5 Rxb2 37. Ra7+ Kd6 38. Bxf7 c3 39. Bg6 c2 40.
Ra6+ Kc5 41. Bxc2 Rxc2 42. h4 e4 43. h5 e3 44. Re6 Kd4 45. h6 Rc1+ 46. Kh2 Rc7
47. Rd6+ Ke5 48. Rd1 Ke4 49. Re1 Kd3 50. Kg3 Kd2 51. Rh1 e2 52. Kf3 Rf7+ 53. Ke4
Rh7 54. Re1 Re7+ 55. Kd5 Rd7+ 56. Kc6 Kxe1 57. Kxd7 Kf2 58. g4 e1=Q 0-1

[Event "Chess24 Banter Blitz Cup"]
[Site "chess24.com INT"]
[Date "2020.04.04"]
[Round "5.7"]
[White "Sjugirov, Sanan"]
[Black "Robson, Ray"]
[Result "1/2-1/2"]
[WhiteTitle "GM"]
[BlackTitle "GM"]
[WhiteElo "2662"]
[BlackElo "2670"]
[WhiteFideId "4189302"]
[BlackFideId "2023970"]
[EventDate "2019.09.25"]

1. d4 d5 2. Bf4 c5 3. e3 cxd4 4. exd4 Nc6 5. c3 Bf5 6. Nd2 e6 7. Ngf3 h6 8. Qb3
Qc8 9. Bb5 Ne7 10. O-O a6 11. Be2 Ng6 12. Bg3 Be7 13. c4 Qd7 14. cxd5 exd5 15.
Nb1 O-O 16. Nc3 Be4 17. Nxe4 dxe4 18. Ne5 Ngxe5 19. dxe5 Nd4 20. Qe3 Nc2 21.
Qxe4 Nxa1 22. Bd3 g6 23. Bc4 Qc6 24. Qxc6 bxc6 25. Rxa1 Rfd8 26. e6 f5 27. Bf4
Kg7 28. Be3 Bf6 29. Rb1 Bd4 30. Bf4 g5 31. Bc7 Rdc8 32. Bd6 Rd8 33. Bc7 Re8 34.
b3 c5 35. g3 Kf6 36. Kg2 Rac8 37. Ba5 Rc6 38. Re1 Rd6 39. h3 h5 40. Re2 Rc6 41.
Bd5 Rd6 42. Bc4 Kg7 43. Bc7 Rc6 44. Ba5 Rd6 45. Bc7 Rc6 46. Ba5 Bf6 47. Bd5 Rd6
48. Bc4 h4 49. gxh4 gxh4 50. a4 Rd4 51. Bxa6 Kf8 52. Bb6 Be7 53. Bc4 Rb8 54. a5
Ke8 55. Bc7 Rb7 56. Be5 Re4 57. Rxe4 fxe4 58. Bd5 Rb5 59. Bc6+ Kd8 60. Bxb5 Kc8
61. a6 c4 62. Bd7+ Kd8 63. bxc4 Bd6 64. Bxd6 e3 65. c5 exf2 66. c6 f1=Q+ 67.
Kxf1 1/2-1/2

[Event "Chess24 Banter Blitz Cup"]
[Site "chess24.com INT"]
[Date "2020.04.04"]
[Round "5.8"]
[White "Robson, Ray"]
[Black "Sjugirov, Sanan"]
[Result "1-0"]
[WhiteTitle "GM"]
[BlackTitle "GM"]
[WhiteElo "2670"]
[BlackElo "2662"]
[WhiteFideId "2023970"]
[BlackFideId "4189302"]
[EventDate "2019.09.25"]

1. e4 c5 2. Nf3 d6 3. d4 cxd4 4. Nxd4 Nf6 5. Nc3 a6 6. Be3 e5 7. Nb3 Be6 8. f3
h5 9. Qd2 Nbd7 10. Nd5 Bxd5 11. exd5 Rc8 12. O-O-O Be7 13. Kb1 Qc7 14. c4 b6 15.
h3 h4 16. Be2 a5 17. Na1 Nc5 18. Nc2 Nh5 19. Rhe1 Ng3 20. Na3 Qd7 21. Bd3 O-O
22. Bc2 f5 23. Nb5 Bf6 24. Bf2 Rcd8 25. Nc3 g6 26. Be3 Qf7 27. Nb5 Rfe8 28. Bf2
Kg7 29. Be3 Kh7 30. Bf2 Kg7 31. Bxg3 hxg3 32. f4 e4 33. Qe3 Bh4 34. Nd4 Kg8 35.
Ne2 Rb8 36. a4 Rec8 37. Nxg3 Na6 38. b3 Bf6 39. Ne2 Bg7 40. g4 Qf6 41. Nd4 Nb4
42. gxf5 gxf5 43. Rg1 Kf7 44. Rg5 Nxc2 45. Kxc2 Ke7 46. Rxg7+ 1-0

[Event "Chess24 Banter Blitz Cup"]
[Site "chess24.com INT"]
[Date "2020.04.04"]
[Round "5.9"]
[White "Sjugirov, Sanan"]
[Black "Robson, Ray"]
[Result "1-0"]
[WhiteTitle "GM"]
[BlackTitle "GM"]
[WhiteElo "2662"]
[BlackElo "2670"]
[WhiteFideId "4189302"]
[BlackFideId "2023970"]
[EventDate "2019.09.25"]

1. d4 d5 2. Bf4 Nf6 3. e3 g6 4. Nf3 Bg7 5. Nbd2 O-O 6. c3 c5 7. h3 Nc6 8. dxc5
a5 9. a4 b6 10. Bb5 Bb7 11. cxb6 Qxb6 12. O-O Rfd8 13. Bh2 Ne8 14. Nd4 Na7 15.
N2f3 Nd6 16. Be2 Ne4 17. Rb1 Nc6 18. Nd2 Nc5 19. Nb5 e5 20. b3 Ne6 21. Rc1 Ba6
22. Qc2 Qb7 23. Rfe1 Qe7 24. Bf1 h5 25. Qb1 Bh6 26. Rcd1 Qf6 27. Nf3 Bb7 28. Qc2
Bg7 29. Qb1 Rac8 30. c4 d4 31. e4 Nc5 32. Nd2 Qe7 33. Bd3 Nb4 34. Bf1 Qe6 35.
Nf3 Re8 36. Ng5 Qe7 37. Nf3 Kh7 38. Nd2 Bh6 39. Nf3 Qe6 40. Nxe5 Bg7 41. Nf3
Bxe4 42. Ng5+ Kg8 43. Nxe6 Bxb1 44. Nxg7 Rxe1 45. Rxe1 Bc2 46. Nd6 Rd8 47. Nge8
d3 48. Nf6+ Kg7 49. Bxd3 Nbxd3 50. Nfe8+ Kf8 51. Re3 Rxd6 52. Bxd6+ Kg8 53. Bxc5
Kh7 54. Nf6+ Kh6 55. Nd5 g5 56. Bf8+ Kg6 57. Ne7+ Kh7 58. Nd5 Kh8 59. Rf3 Nf4
60. Rxf4 Kh7 61. Bd6 Kg8 62. Rf6 Kh7 63. Ne7 Kh8 64. Rxf7 g4 65. Rg7 1-0

[Event "Chess24 Banter Blitz Cup"]
[Site "chess24.com INT"]
[Date "2020.04.04"]
[Round "5.10"]
[White "Robson, Ray"]
[Black "Sjugirov, Sanan"]
[Result "1-0"]
[WhiteTitle "GM"]
[BlackTitle "GM"]
[WhiteElo "2670"]
[BlackElo "2662"]
[WhiteFideId "2023970"]
[BlackFideId "4189302"]
[EventDate "2019.09.25"]

1. e4 c5 2. Nf3 d6 3. d4 cxd4 4. Nxd4 Nf6 5. Nc3 a6 6. Be3 e5 7. Nb3 Be6 8. f3
h5 9. Qd2 Nbd7 10. Nd5 Bxd5 11. exd5 Rc8 12. Na5 Qc7 13. c4 e4 14. f4 Ng4 15.
Bd4 Be7 16. Be2 Bf6 17. b4 Bxd4 18. Qxd4 Ndf6 19. h3 Nh6 20. g4 Rh7 21. Qa7 hxg4
22. hxg4 Nxd5 23. Qxb7 Ne3 24. Qxe4+ Qe7 25. Qxe7+ Kxe7 26. Kd2 1-0

[Event "Chess24 Banter Blitz Cup"]
[Site "chess24.com INT"]
[Date "2020.04.04"]
[Round "5.11"]
[White "Sjugirov, Sanan"]
[Black "Robson, Ray"]
[Result "1-0"]
[WhiteTitle "GM"]
[BlackTitle "GM"]
[WhiteElo "2662"]
[BlackElo "2670"]
[WhiteFideId "4189302"]
[BlackFideId "2023970"]
[EventDate "2019.09.25"]

1. d4 d5 2. Bf4 c5 3. e3 Nc6 4. c3 Bf5 5. Nd2 e6 6. Ngf3 Nf6 7. Nh4 Be4 8. Bb5
Qb6 9. a4 a6 10. Bxc6+ bxc6 11. O-O Bd3 12. Re1 cxd4 13. exd4 Be7 14. Nhf3 h6
15. b4 O-O 16. Ne5 Bh7 17. Nb3 Rfd8 18. f3 Ne8 19. Qe2 Nd6 20. Na5 Rac8 21. Kh1
Bf8 22. Nb3 Qb7 23. Nc5 Qe7 24. Qxa6 Ra8 25. Qe2 Rdc8 26. a5 Qh4 27. Bg3 Qh5 28.
a6 Nb5 29. Rec1 Bd6 30. Kg1 Qg5 31. Nxc6 Nxc3 32. Rxc3 Rxc6 33. Bxd6 Rxd6 34. b5
Qf6 35. Qe5 Qe7 36. Nb7 Rb6 37. Rc4 dxc4 38. Qc5 Qxc5 39. dxc5 Rxb5 40. c6 c3
41. Rc1 c2 42. Kf2 Rb1 43. Rxc2 Bxc2 44. c7 Rb2 45. Nd6 Ra2 46. Kg3 Bg6 47.
c8=Q+ Rxc8 48. Nxc8 1-0

[Event "Chess24 Banter Blitz Cup"]
[Site "chess24.com INT"]
[Date "2020.04.04"]
[Round "5.12"]
[White "Robson, Ray"]
[Black "Sjugirov, Sanan"]
[Result "0-1"]
[WhiteTitle "GM"]
[BlackTitle "GM"]
[WhiteElo "2670"]
[BlackElo "2662"]
[WhiteFideId "2023970"]
[BlackFideId "4189302"]
[EventDate "2019.09.25"]

1. e4 e5 2. Nf3 Nc6 3. Bb5 Nf6 4. d3 Bc5 5. c3 O-O 6. O-O d6 7. Nbd2 Bb6 8. h3
Ne7 9. Ba4 Ng6 10. Nc4 Be6 11. Nxb6 axb6 12. a3 h6 13. Re1 c6 14. Bc2 Re8 15. d4
Qc7 16. Be3 b5 17. Qd2 Qc8 18. Kh2 Kh7 19. Rad1 Nh5 20. Qc1 Kg8 21. dxe5 dxe5
22. Ng1 Nhf4 23. f3 Qc7 24. g3 Nh5 25. Rd2 Rad8 26. Red1 Rxd2+ 27. Qxd2 Nf6 28.
Bc5 Qc8 29. h4 Nd7 30. Be3 Nf6 31. Qe2 Bc4 32. Qf2 Qe6 33. Rd2 Bb3 34. Bb1 Ba2
35. Bc2 Bb3 36. Bb1 Qc8 37. Qe2 Rd8 38. Nh3 Bc4 39. Qd1 Rxd2+ 40. Qxd2 Nf8 41.
Nf2 Qc7 42. Bc2 Be6 43. Nd3 N8d7 44. Qe2 Qd6 45. Nf2 Bc4 46. Qd2 Qc7 47. g4 Nh7
48. g5 hxg5 49. hxg5 Qd8 50. Nh3 Qe7 51. Bd1 Be6 52. Qg2 Ndf8 53. Be2 Ng6 54.
Qg3 Bxh3 55. Kxh3 Nhf8 56. Qg4 Ne6 57. Kg3 Nef4 58. Qf5 Nxe2+ 59. Kf2 Nef4 60.
Qc8+ Kh7 61. Qf5 Qe6 62. Qg4 Qxg4 63. fxg4 Ne6 64. Kf3 Ngf8 0-1

[Event "Chess24 Banter Blitz Cup"]
[Site "chess24.com INT"]
[Date "2020.04.04"]
[Round "5.13"]
[White "Sjugirov, Sanan"]
[Black "Robson, Ray"]
[Result "0-1"]
[WhiteTitle "GM"]
[BlackTitle "GM"]
[WhiteElo "2662"]
[BlackElo "2670"]
[WhiteFideId "4189302"]
[BlackFideId "2023970"]
[EventDate "2019.09.25"]

1. d4 d5 2. Bf4 c5 3. e3 Nc6 4. c3 cxd4 5. exd4 Bf5 6. Nd2 Nf6 7. Ngf3 h6 8. Qb3
Qc8 9. Bb5 e6 10. Ne5 Nd7 11. Nxd7 Qxd7 12. Nf3 f6 13. O-O Be7 14. Rfe1 O-O 15.
Qd1 a6 16. Bd3 Rfe8 17. h3 Bf8 18. Bg3 b5 19. Nh4 Bxd3 20. Qxd3 Bd6 21. Bxd6
Qxd6 22. Re2 e5 23. Nf5 Qd7 24. Qf3 Kh7 25. Rae1 Rad8 26. h4 e4 27. Qf4 Ne7 28.
Nxe7 Rxe7 29. Re3 Rde8 30. Rg3 f5 31. h5 Rf7 32. Rg6 Re6 33. Rxe6 Qxe6 34. Re3
a5 35. Rg3 b4 36. cxb4 axb4 37. Rg6 Qc8 38. Kh2 Qc7 39. Qxc7 Rxc7 40. Rd6 Rc2
41. Kg3 f4+ 42. Kxf4 Rxf2+ 43. Ke3 Rxb2 44. Rxd5 Rxa2 45. Kxe4 Rxg2 46. Rb5 Rg4+
47. Kd3 Rg5 48. Rxb4 Rxh5 49. Ke4 Rh4+ 50. Ke5 h5 51. Rb7 Rh1 52. d5 Re1+ 53.
Kd6 h4 54. Rb4 g5 55. Rb7+ Kg6 56. Rb8 h3 57. Rg8+ Kf5 58. Rh8 g4 59. Kc7 Rc1+
60. Kd7 Kg6 61. d6 Kg7 62. Rg8+ Kxg8 0-1

[Event "Chess24 Banter Blitz Cup"]
[Site "chess24.com INT"]
[Date "2020.04.04"]
[Round "5.14"]
[White "Robson, Ray"]
[Black "Sjugirov, Sanan"]
[Result "1/2-1/2"]
[WhiteTitle "GM"]
[BlackTitle "GM"]
[WhiteElo "2670"]
[BlackElo "2662"]
[WhiteFideId "2023970"]
[BlackFideId "4189302"]
[EventDate "2019.09.25"]

1. e4 e5 2. Nf3 Nc6 3. Bb5 Nf6 4. d3 Bc5 5. Bxc6 dxc6 6. Nbd2 Nd7 7. Nc4 f6 8.
Qe2 Nf8 9. Be3 Bxe3 10. Nxe3 Ne6 11. O-O-O c5 12. g4 Nd4 13. Nxd4 cxd4 14. Ng2
Be6 15. Kb1 Qd7 16. h3 g5 17. f3 h5 18. h4 hxg4 19. hxg5 O-O-O 20. f4 exf4 21.
Nxf4 fxg5 22. Nxe6 Qxe6 23. Rdg1 Rxh1 24. Rxh1 Rf8 25. a3 b6 26. Rh5 Rg8 27. Qf2
Qd7 28. Qg3 Kb7 29. Qe5 Qf7 30. Rxg5 Rxg5 31. Qxg5 Qf3 32. Qd5+ Kb8 33. Qd8+ Kb7
34. Qxd4 g3 35. Ka2 g2 36. e5 Qf1 37. Qd5+ Kb8 38. Qd8+ Kb7 39. Qd5+ Kb8 40. e6
g1=Q 41. e7 Qb1+ 42. Kb3 Qbe1 43. Qd8+ Kb7 44. e8=Q Qxe8 45. Qxe8 Qg2 46. Qe4+
Qxe4 47. dxe4 Kc6 48. Kc4 Kd6 49. Kd4 c6 50. e5+ Ke6 51. Ke4 b5 52. b4 c5 53.
bxc5 a6 54. c3 a5 55. c6 b4 56. c7 Kd7 57. cxb4 Kc8 58. bxa5 Kxc7 59. Kd5 Kb8
60. e6 Ka7 61. a6 Ka8 62. Kd6 Ka7 63. e7 Kxa6 64. e8=Q Ka5 65. Qc6 1/2-1/2

[Event "Chess24 Banter Blitz Cup"]
[Site "chess24.com INT"]
[Date "2020.04.05"]
[Round "5.1"]
[White "Firouzja, Alireza"]
[Black "Meier, Georg"]
[Result "1-0"]
[WhiteTitle "GM"]
[BlackTitle "GM"]
[WhiteElo "2702"]
[BlackElo "2628"]
[WhiteFideId "12573981"]
[BlackFideId "4675789"]
[EventDate "2019.09.25"]

1. d4 e6 2. c4 Nf6 3. Nf3 Bb4+ 4. Nbd2 b6 5. a3 Bxd2+ 6. Bxd2 Bb7 7. Bf4 O-O 8.
h3 d6 9. e3 Nbd7 10. Be2 Qe7 11. O-O Ne4 12. Rc1 a5 13. b3 e5 14. Bh2 Rae8 15.
b4 axb4 16. axb4 Ng5 17. d5 Nxf3+ 18. Bxf3 f5 19. Ra1 Ra8 20. Qc2 Qf6 21. Qb2 g6
22. Rxa8 Rxa8 23. Ra1 Rxa1+ 24. Qxa1 e4 25. Qxf6 Nxf6 26. Be2 Kf7 27. Bf4 b5 28.
cxb5 Nxd5 29. Bc4 Ke7 30. Bg5+ Kd7 31. h4 Ke8 32. Kf1 Nxb4 33. Ke1 Bd5 34. Be2
Nd3+ 35. Kd2 Bc4 36. f3 Bxb5 37. fxe4 fxe4 38. Bd1 Bc4 39. Kc3 d5 40. h5 Kf7 41.
h6 c5 42. Ba4 Ne5 43. Bf4 Ng4 44. Bd1 Nf6 45. g4 Ne8 46. g5 Ke7 47. Bg4 Nd6 48.
Be5 Nf7 49. Bf6+ Ke8 50. Be6 d4+ 51. Kxc4 1-0

[Event "Chess24 Banter Blitz Cup"]
[Site "chess24.com INT"]
[Date "2020.04.05"]
[Round "5.2"]
[White "Meier, Georg"]
[Black "Firouzja, Alireza"]
[Result "0-1"]
[WhiteTitle "GM"]
[BlackTitle "GM"]
[WhiteElo "2628"]
[BlackElo "2702"]
[WhiteFideId "4675789"]
[BlackFideId "12573981"]
[EventDate "2019.09.25"]

1. Nf3 c5 2. g3 Nc6 3. c4 e5 4. Nc3 g6 5. Bg2 Bg7 6. d3 d6 7. O-O Nge7 8. a3 a5
9. Rb1 O-O 10. Bd2 h6 11. Ne1 Rb8 12. Nc2 Be6 13. b4 axb4 14. axb4 b6 15. b5 Nd4
16. Ne3 Ndf5 17. Nxf5 Nxf5 18. Ra1 Ne7 19. Qb3 g5 20. Ra7 f5 21. Rfa1 e4 22.
dxe4 f4 23. R1a2 Ng6 24. Nd5 Bxd5 25. exd5 Bd4 26. gxf4 gxf4 27. Qh3 Qh4 28.
Qxh4 Nxh4 29. Kf1 Rf6 30. Bh3 f3 31. Be6+ Kh8 32. e3 Be5 33. Rd7 Ng6 34. Raa7
Nf8 35. Rf7 Nxe6 36. Rxf6 Bxf6 37. dxe6 Kg8 38. e4 Be5 39. Bxh6 Re8 40. e7 Kf7
41. Bg5 Bxh2 42. Rd7 Ra8 43. Ke1 Bf4 44. Bxf4 Ke8 45. Rd8+ Rxd8 46. exd8=Q+ Kxd8
47. Bxd6 Kd7 48. Bxc5 bxc5 49. Kd2 Kd6 50. Ke3 Ke5 51. Kxf3 Kd4 52. Kf4 Kxc4 53.
e5 Kxb5 54. e6 Kc6 55. e7 Kd7 56. e8=Q+ Kxe8 57. Ke5 c4 58. Kd4 c3 0-1

[Event "Chess24 Banter Blitz Cup"]
[Site "chess24.com INT"]
[Date "2020.04.05"]
[Round "5.3"]
[White "Firouzja, Alireza"]
[Black "Meier, Georg"]
[Result "1-0"]
[WhiteTitle "GM"]
[BlackTitle "GM"]
[WhiteElo "2702"]
[BlackElo "2628"]
[WhiteFideId "12573981"]
[BlackFideId "4675789"]
[EventDate "2019.09.25"]

1. c4 b6 2. Nc3 Bb7 3. Nf3 Nf6 4. g3 Bxf3 5. exf3 c5 6. d4 Nc6 7. d5 Nd4 8. Bg2
g6 9. O-O Bg7 10. Ne2 Nf5 11. Bd2 O-O 12. Bc3 Ne8 13. Qd3 Ned6 14. Bxg7 Kxg7 15.
b3 Rb8 16. Nc3 Nd4 17. Ne2 N6f5 18. Nc3 a6 19. Bh3 Nd6 20. Rac1 Qc7 21. Ne2
Nxe2+ 22. Qxe2 Rbe8 23. Rcd1 f6 24. Rfe1 b5 25. Qc2 bxc4 26. bxc4 Kf7 27. Qa4
Rd8 28. Re3 Rfe8 29. Rb1 f5 30. Rbe1 Rb8 31. Qc2 Rb4 32. Bf1 e6 33. Qe2 Rbb8 34.
dxe6+ dxe6 35. Rd1 Rbd8 36. Red3 Nb7 37. Qe3 Rxd3 38. Rxd3 Rd8 39. Qh6 Kg8 40.
Re3 Rd6 41. h4 Qg7 42. Qf4 Qd4 43. Qg5 Kf7 44. h5 Qf6 45. hxg6+ hxg6 46. Qh6 Qg7
47. Qh1 e5 48. Qh4 Rd4 49. Qh3 Nd6 50. Rb3 Ke6 51. Rb8 Qc7 52. Qh8 Rd1 53. Kg2
Qe7 54. Qg8+ Qf7 55. Qd8 Qe7 56. Qxe7+ Kxe7 57. Rb6 Kf6 58. Rxa6 e4 59. fxe4
fxe4 60. Be2 Ke5 61. Bxd1 Kd4 62. Rxd6+ 1-0

[Event "Chess24 Banter Blitz Cup"]
[Site "chess24.com INT"]
[Date "2020.04.05"]
[Round "5.4"]
[White "Meier, Georg"]
[Black "Firouzja, Alireza"]
[Result "0-1"]
[WhiteTitle "GM"]
[BlackTitle "GM"]
[WhiteElo "2628"]
[BlackElo "2702"]
[WhiteFideId "4675789"]
[BlackFideId "12573981"]
[EventDate "2019.09.25"]

1. Nf3 c5 2. c4 Nc6 3. Nc3 g6 4. g3 Bg7 5. Bg2 d6 6. O-O Bf5 7. d3 Nf6 8. Bd2
Qd7 9. a3 Bh3 10. Rb1 Bxg2 11. Kxg2 a5 12. Qa4 O-O 13. Rfc1 h6 14. Nd5 Qd8 15.
Bc3 e6 16. Nxf6+ Bxf6 17. Qb5 Rb8 18. Bd2 Bg7 19. b4 axb4 20. axb4 g5 21. h3
cxb4 22. Bxb4 Re8 23. Bc3 Bxc3 24. Rxc3 d5 25. Rc2 dxc4 26. Rxc4 Qf6 27. h4 gxh4
28. Rxh4 Kg7 29. Rg4+ Kf8 30. Rh1 Red8 31. Qc5+ Qe7 32. Qh5 Qf6 33. Rf4 Qg7 34.
Qxh6 Qxh6 35. Rxh6 Ke7 36. Rh7 Rf8 37. Ng5 Nd8 38. Nf3 Nc6 39. Rc4 Rfc8 40. Nd4
Ne5 41. Rxc8 Rxc8 42. Rh5 Kf6 43. f4 Nd7 44. Rb5 b6 45. Nf3 Rc2 46. Kf2 Nc5 47.
Ke3 Na4 48. Nd4 Ra2 49. g4 Nc3 50. g5+ Kg6 51. Re5 Nd5+ 52. Kf3 Ne7 53. e4 Ra3
54. Ke3 Kg7 55. f5 Ra4 56. fxe6 Rxd4 57. exf7 Rd7 58. Re6 Rb7 0-1

[Event "Chess24 Banter Blitz Cup"]
[Site "chess24.com INT"]
[Date "2020.04.05"]
[Round "5.5"]
[White "Firouzja, Alireza"]
[Black "Meier, Georg"]
[Result "1-0"]
[WhiteTitle "GM"]
[BlackTitle "GM"]
[WhiteElo "2702"]
[BlackElo "2628"]
[WhiteFideId "12573981"]
[BlackFideId "4675789"]
[EventDate "2019.09.25"]

1. c4 b6 2. Nc3 Bb7 3. Nf3 Nf6 4. g3 Bxf3 5. exf3 c5 6. d4 Nc6 7. d5 Nd4 8. Bh3
g6 9. O-O Bg7 10. Be3 Nh5 11. Bg4 Nf6 12. Bxd4 cxd4 13. Qxd4 O-O 14. Bh3 Rc8 15.
Rac1 e6 16. Qd3 exd5 17. cxd5 a5 18. Nb5 Rc5 19. Rxc5 bxc5 20. d6 Re8 21. Nc7
Re5 22. f4 Re4 23. Qb5 Rb4 24. Qxc5 Rxb2 25. Re1 h5 26. Qxa5 Qb8 27. Bxd7 Bf8
28. Bc6 Bxd6 29. Ne8 Ng4 30. Qc3 Qb4 31. Qg7# 1-0

[Event "Chess24 Banter Blitz Cup"]
[Site "chess24.com INT"]
[Date "2020.04.05"]
[Round "5.6"]
[White "Meier, Georg"]
[Black "Firouzja, Alireza"]
[Result "1-0"]
[WhiteTitle "GM"]
[BlackTitle "GM"]
[WhiteElo "2628"]
[BlackElo "2702"]
[WhiteFideId "4675789"]
[BlackFideId "12573981"]
[EventDate "2019.09.25"]

1. Nf3 c5 2. c4 Nc6 3. Nc3 g6 4. g3 Bg7 5. Bg2 d6 6. O-O e5 7. a3 Nge7 8. Rb1 a5
9. d3 O-O 10. Bd2 Rb8 11. Qa4 Be6 12. Rfc1 h6 13. Qd1 g5 14. h4 f6 15. hxg5 hxg5
16. Ne1 Kf7 17. Nc2 Rh8 18. b4 Qg8 19. Ne4 Qh7 20. Nxd6+ Kg8 21. e3 Bh3 22. Bxh3
Qxh3 23. Qf3 e4 24. Qxe4 Ne5 25. Ne1 g4 26. Qg2 Qh5 27. Kf1 Nf3 28. Ke2 Qe5 29.
bxc5 Nd4+ 30. Kd1 Ne6 31. d4 Qh5 32. Qe4 Ng5 33. Qxe7 Qh1 34. e4 Rh2 35. Bxg5
Rxf2 36. Nf5 Bf8 37. Qe6+ Kh7 38. Qf7+ 1-0

[Event "Chess24 Banter Blitz Cup"]
[Site "chess24.com INT"]
[Date "2020.04.05"]
[Round "5.7"]
[White "Firouzja, Alireza"]
[Black "Meier, Georg"]
[Result "1/2-1/2"]
[WhiteTitle "GM"]
[BlackTitle "GM"]
[WhiteElo "2702"]
[BlackElo "2628"]
[WhiteFideId "12573981"]
[BlackFideId "4675789"]
[EventDate "2019.09.25"]

1. c4 b6 2. Nc3 Bb7 3. Nf3 e6 4. g3 Bxf3 5. exf3 c5 6. d4 Nc6 7. d5 Nd4 8. Bg2
g6 9. O-O Bg7 10. f4 Rb8 11. Be3 Nh6 12. Bxd4 Bxd4 13. Nb5 Bxb2 14. Rb1 Bg7 15.
Nd6+ Kf8 16. Qa4 a5 17. Rbd1 Bd4 18. Nb5 Nf5 19. Bh3 Kg7 20. Bxf5 exf5 21. Nxd4
cxd4 22. Rxd4 Re8 23. Rdd1 Qc7 24. Rfe1 Rbc8 25. Rxe8 Rxe8 26. d6 Qc5 27. Qc2
Re6 28. Qc3+ Kg8 29. Qd3 h5 30. Qd5 Qxd5 31. Rxd5 Re4 32. c5 bxc5 33. Rxc5 Rd4
34. Rxa5 Rxd6 35. Kg2 Rd3 36. Ra8+ Kg7 37. a4 Ra3 38. a5 d5 39. a6 d4 40. a7 d3
41. Rd8 1/2-1/2